000 00506nam a2200169Ia 4500
008 200115s9999 xx 000 0 und d
100 _aAlexander, Colleen Kelly
245 _aMy coma miracle/
245 _cColleen Kelly Alexander
260 _bReader's Digest Asia
260 _c2019
300 _aPages 38-45, September 2019
440 _aAsia Reader's Digest: My Coma Miracle Cyclist's Triumph after horror accident
_v116:679
650 _acoma
650 _ahealthcare
650 _amedical care
999 _c362933
_d362933